Skip to main content
Your cart is empty.
Your lists
Log in to create your own lists
Your cookies
العربية
English
العربية
Home
Search
Advanced search
Authority search
About
The noble scholar, jurist, historian
His Excellency Dr. Abdul Wahhab bin Ibrahim Abu Sulaiman, may Allah have mercy on him.
He was born in Umm Al-Qura in the year 1356 AH.
Library catalog
Title
Author
Subject
ISBN
ISSN
Series
Call number
Log in to your account
×
Login:
Password:
Home
MARC view: المجامر القديمة في تيماء :
Normal view
MARC view
ISBD view
المجامر القديمة في تيماء : (Record no. 10040)
[
view plain
]
MARC details
000 -LEADER
fixed length control field
03421cam a2200373 i 4500
003 - CONTROL NUMBER IDENTIFIER
control field
SA-RiAUC
005 - DATE AND TIME OF LATEST TRANSACTION
control field
20250717120520.0
008 - FIXED-LENGTH DATA ELEMENTS--GENERAL INFORMATION
fixed length control field
250716s2009____su a f b f001 0 ara c
020 ## - INTERNATIONAL STANDARD BOOK NUMBER
International Standard Book Number
9786038002070
024 0# - OTHER STANDARD IDENTIFIER
Standard number or code
00000000352160
040 ## - CATALOGING SOURCE
Original cataloging agency
SA-RiDKA
Language of cataloging
ara
Transcribing agency
SA-RiAUC
Modifying agency
KAC
Description conventions
rda
043 ## - GEOGRAPHIC AREA CODE
Geographic area code
a-su---
082 04 - DEWEY DECIMAL CLASSIFICATION NUMBER
Classification number
953.1
Assigning agency
SA-RiAUC
090 ## - LOCALLY ASSIGNED LC-TYPE CALL NUMBER (OCLC); LOCAL CALL NUMBER (RLIN)
Classification number (OCLC) (R) ; Classification number, CALL (RLIN) (NR)
953.1
Local cutter number (OCLC) ; Book number/undivided call number, CALL (RLIN)
م ع ي
100 1# - MAIN ENTRY--PERSONAL NAME
Personal name
معيوف، محمد بن معاضة غرمان
Relator term
مؤلف.
245 12 - TITLE STATEMENT
Title
المجامر القديمة في تيماء :
Remainder of title
دراسة آثارية مقارنة /
Statement of responsibility, etc.
محمد بن معاضة بن معيوف.
264 #1 - PRODUCTION, PUBLICATION, DISTRIBUTION, MANUFACTURE, AND COPYRIGHT NOTICE
Place of production, publication, distribution, manufacture
الرياض :
Name of producer, publisher, distributor, manufacturer
دارة الملك عبد العزيز،
Date of production, publication, distribution, manufacture, or copyright notice
2009.
300 ## - PHYSICAL DESCRIPTION
Extent
265 صفحة :
Other physical details
إيضاحيات ؛
Dimensions
24 × 17 سم.
336 ## - CONTENT TYPE
Content type term
نص
Content type code
txt
Source
rdacontent
Materials specified
كتاب
337 ## - MEDIA TYPE
Media type term
بدون وسيط
Media type code
n
Source
rdamedia
338 ## - CARRIER TYPE
Carrier type term
مجلد
Carrier type code
nc
Source
rdacarrier
490 1# - SERIES STATEMENT
Series statement
إصدارات دارة الملك عبد العزيز ؛
--
سلسلة الرسائل الجامعية ؛
Volume/sequential designation
229.
--
33
500 ## - GENERAL NOTE
General note
كشاف : صفحة 223-234.
504 ## - BIBLIOGRAPHY, ETC. NOTE
Bibliography, etc. note
ببليوجرافية : صفحة 235-246.
520 ## - SUMMARY, ETC.
Summary, etc.
هذا الكتاب يدرس المجامر الفخارية والحجرية القديمة المكتشفة في تيماء خلال مواسم التنقيب التى قامت بها قطاع الآثار بالهيئة العامة للسياحة والآثار في المملكة العربية السعودية، ويقدم عرضاً موجزا عن الاكتشافات الأثرية في هذه المدينة المتميزة بغناها التاريخي حيث كانت ملتقى الطرق التجارية في المنطقة منذ قديم الزمان، ويحصر المجامر الموجودة في متاحف الرياض ويصنفها من حيث الشكل والعجينة والزخرفة، وبين الخاصية التى تتميز بها، ويقارن بينها وبين غيرها من المجامر الأخري في البلدان المجاورة لمعرفة مدى التشابه والاختلاف بينها، كما يصف المجامر الفخارية من حيث عجينتها ولونها وصلابتها وشواؤها وطريقة صناعتها والزخارف التي عليها، والألون المستخدمة في زخرفتها، ويشير الى أحجام المجامر الحجرية ويقرأ الكتابات الواردة عليها.ويتضمن الكتاب أيضا ثبتا لصور المجامر المدروسة فيه، وخرائط طبوغرافية لتيماء، وخرائط كنتورية لبعض المواقع مثل قصر الحمراء الذي وجدت فيه المجامر الحجرية وموقع الصناعية الذي يكتظ بالمدافن وما فيه من معثورات أثرية قيمة.
651 #7 - SUBJECT ADDED ENTRY--GEOGRAPHIC NAME
Geographic name
تيماء (السعودية)
General subdivision
آثار
Source of heading or term
aucsh
651 #7 - SUBJECT ADDED ENTRY--GEOGRAPHIC NAME
Geographic name
تيماء (السعودية)
General subdivision
تاريخ
Source of heading or term
aucsh
830 #0 - SERIES ADDED ENTRY--UNIFORM TITLE
Uniform title
إصدارات دارة الملك عبد العزيز
Volume/sequential designation
229
830 #0 - SERIES ADDED ENTRY--UNIFORM TITLE
Uniform title
سلسلة الرسائل الجامعية (دارة الملك عبد العزيز)
Volume/sequential designation
33
856 42 - ELECTRONIC LOCATION AND ACCESS
Materials specified
Book Cover
Electronic format type
JPEG
Uniform Resource Identifier
<a href="https://library.ithra.com/bc/00000000352160.jpeg">https://library.ithra.com/bc/00000000352160.jpeg</a>
Public note
>CLICK_TO_VIEW_BOOK_COVER>
856 42 - ELECTRONIC LOCATION AND ACCESS
Materials specified
Table of contents
Electronic format type
PDF
Uniform Resource Identifier
<a href="https://library.ithra.com/pdf/.pdf">https://library.ithra.com/pdf/.pdf</a>
Public note
>CLICK_TO_ACCESS_TOC>
942 ## - ADDED ENTRY ELEMENTS (KOHA)
Source of classification or shelving scheme
Dewey Decimal Classification
Koha item type
Books
Suppress in OPAC
No
949 ## - LOCAL PROCESSING INFORMATION (OCLC)
a
SA-JeALM
d
250716
u
mohamedma123
n
1
Holdings
Withdrawn status
Lost status
Source of classification or shelving scheme
Damaged status
Not for loan
Home library
Current library
Date acquired
Total checkouts
Full call number
Barcode
Date last seen
Price effective from
Koha item type
Dewey Decimal Classification
DR AbdElwahab Library
DR AbdElwahab Library
07/17/2025
953.1 م ع ي
000016284
07/17/2025
07/17/2025
Books
Place hold
Print
Add to your cart
(remove)
Save record
BIBTEX
Dublin Core
MARCXML
MARC (non-Unicode/MARC-8)
MARC (Unicode/UTF-8)
MARC (Unicode/UTF-8, Standard)
MODS (XML)
RIS
ISBD
More searches
Search for this title in:
Other Libraries (WorldCat)
Other Databases (Google Scholar)
Online Stores (Bookfinder.com)
Open Library (openlibrary.org)
Exporting to Dublin Core...
×
Simple DC-RDF
OAI-DC
SRW-DC